| 000 | 01353nam a22002417a 4500 | ||
|---|---|---|---|
| 999 |
_c22195 _d22195 |
||
| 003 | AR-CdUCM | ||
| 008 | 190425b ||||| |||| 00| 0 spa d | ||
| 040 |
_aMUNICIPALIDAD PROVINCIAL DEL CUSCO _cBIBLIOTECA MUNICIPAL DEL CUSCO |
||
| 082 | _aOropesa/N°99/2016 | ||
| 245 |
_aOropesa : _brevista de cultura y educación de opinión y crítica / _cAmérico Valer Vargas, Director |
||
| 260 |
_aCusco. _bLezama, _c2016. |
||
| 300 |
_a18 páginas. : _bilustraciones ; _c30 cm. |
||
| 440 |
_aOropesa. _nAño XXXV, N°XCIXA, setiembre 2016. _947619 |
||
| 505 | _aContenido: Violencia contra la mujer. -- Creando un nuevo cielo mismo ser humano en reemplazo del sumiso al que mataron inventando una nueva utopía humana. -- La lengua y su dialecto. -- Publicaciones de la realidad cultural contemporánea de los andes. -- Póstumo recuerdo y gratitud a Braulio Valer Pinto. -- XXIV Festival del pan T´anta Raymni Oropesa 2016. -- Una venia al señor de Huanca. -- Defendamos nuestro patrimonio cultural. -- Del quechua Penta vocálico Inka frente al Ministerio de Educación. | ||
| 650 |
_aPolítica cusqueña _947381 |
||
| 650 |
_aCultura andina _947570 |
||
| 650 |
_aSociedad cusqueña _947493 |
||
| 650 |
_aSiglo XX _947561 |
||
| 700 |
_aValenzuela Lovón, Armando _91192 |
||
| 700 |
_aValer Vargas, Américo _947562 |
||
| 942 |
_2ddc _cPP |
||
| 945 | _arac | ||